| 000 | 00306nam a2200109Ia 4500 | ||
|---|---|---|---|
| 008 | 230907s9999||||xx |||||||||||||| ||und|| | ||
| 082 |
_a6.6 _bMCA |
||
| 100 |
_aMcAndrew, Alasdair. _9115437 |
||
| 245 | 2 | _aA computational introduction to digital image processing / | |
| 300 | _axvi, 535 pages : | ||
| 942 | _cBK | ||
| 999 |
_c598403 _d598403 |
||